Top 100 Detroit Lions of All Time - Statistics

General Stats
  • This quiz has been taken 46 times
  • The average score is 26 of 100
Answer Stats
Position Player % Correct
WR Calvin Johnson
95%
RB Barry Sanders
93%
RB John Henry Johnson
90%
TE Charlie Sanders
88%
QB Matthew Stafford
88%
QB Bobby Layne
70%
CB Dick "Night Train" Lane
55%
DT Ndamukong Suh
55%
DT Roger Brown
55%
RB James Jones
53%
T Lomas Brown
53%
WR Herman Moore
50%
K Jason Hanson
48%
RB Billy Sims
45%
LB Joe Schmidt
45%
LB Jimmy Williams
40%
WR Roy Williams
40%
DT Sam Williams
40%
DL Alex Karras
38%
LB Chris Spielman
38%
CB Darius Slay
38%
RB/ST Doak Walker
38%
WR Golden Tate
38%
QB Greg Landry
38%
CB Lem Barney
38%
DE/DT Robert Porcher
38%
LB/K Wayne Walker
38%
FS Glover Quin
35%
CB Dick LeBeau
33%
QB Earl "Dutch" Clark
33%
WR Johnnie Morton
33%
RB Mel Farr
33%
K Eddie Murray
30%
WR/RB/KR Mel Gray
30%
WR Brett Perriman
28%
LB DeAndre Levy
28%
DE Ezekiel Ansah
28%
DB Jack Christiansen
28%
RB Whizzer White
28%
RB Altie Taylor
25%
DE Al Baker
23%
S Bennie Blades
23%
DT Doug English
23%
DB Dre Bly
23%
QB Gary Danielson
23%
RB James Stewart
23%
LB Stephen Boyd
23%
DB/ST Yale Lary
23%
OL Kevin Glover
20%
LB Stephen Tulloch
20%
RB/DB Terry Barr
20%
TE David Hill
18%
TE David Sloan
18%
G Harley Sewell
18%
OT Jeff Backus
18%
DB Jim David
18%
OL Lou Creekmur
18%
DT Luther Elliss
18%
LB Mike Cofer
18%
LB Mike Lucci
18%
DE Cliff Avril
15%
FB Cory Schlesinger
15%
RB Dexter Bussey
15%
C Dominic Raiola
15%
OT Keith Dorney
15%
DT Shaun Rogers
15%
DT William Gay
15%
C/LB Alex Wojciechowicz
13%
C Ed Flanagan
13%
TE/WR Gail Cogdill
13%
OL Jeff Hartings
13%
P Jim Arnold
13%
WR/FB Leon Hart
13%
LB Paul Naumoff
13%
QB Tobin Rote
13%
FS Dick Jauron
10%
G Dick Stanfel
10%
DB Don Doll
10%
DL Jerry Ball
10%
OL Les Bingaman
10%
FB Nick Pietrosante
10%
WR/P Pat Studstill
10%
DB Ray Crockett
10%
RB Bob Hoernschemeyer
8%
LB Charlie Weaver
8%
TE/RB Cloyce Box
8%
DE Dave Pureifory
8%
DE Larry Hand
8%
OT Rocky Freitas
8%
LB/DE Tony Scroggins
8%
G Bill Radovich
5%
OL Charley Ane
5%
DT Cory Redding
5%
OL Damien Woody
5%
DE Darris McCord
5%
RB Ernie Caddel
5%
RB Frank Sinkwich
5%
OL George Christensen
5%
TE Jim Gibbons
5%
G John Gordy
5%
No matching quizzes found
Score Distribution
Percent of People with Each Score
Percentile by Number Answered
Your Score History
You have not taken this quiz